Catálogo

Guía práctica de cuidados intensivos en pediatría / (Registro nro. 51132)

Detalles MARC
000 -LEADER
fixed length control field 01045cam a2200289 i 4500
001 - CONTROL NUMBER
control field 51132
003 - CONTROL NUMBER IDENTIFIER
control field Mx-PuUPA
005 - DATE AND TIME OF LATEST TRANSACTION
control field 20191008160214.0
008 - FIXED-LENGTH DATA ELEMENTS--GENERAL INFORMATION
fixed length control field 140415s1993 sp ad r 000 0 spa d
020 ## - INTERNATIONAL STANDARD BOOK NUMBER
International Standard Book Number 8480860197
040 ## - CATALOGING SOURCE
Original cataloging agency Mx-PuUPA
Language of cataloging spa
Transcribing agency Mx-PuUPA
Modifying agency Mx-PuUPA
Description conventions rda
041 0# - LANGUAGE CODE
Language code of text/sound track or separate title spa
240 1# - UNIFORM TITLE
Uniform title A practical guide to pediatric intensive care.
Language of a work Español
245 10 - TITLE STATEMENT
Title Guía práctica de cuidados intensivos en pediatría /
Statement of responsibility, etc. editada por Jeffrey L. Blumer
250 ## - EDITION STATEMENT
Edition statement Tercera edición
264 #1 - PRODUCTION, PUBLICATION, DISTRIBUTION, MANUFACTURE, AND COPYRIGHT NOTICE
Place of production, publication, distribution, manufacture Madrid :
Name of producer, publisher, distributor, manufacturer Mosby / Doyma Libro,
Date of production, publication, distribution, manufacture, or copyright notice ©1993
300 ## - PHYSICAL DESCRIPTION
Extent 1 volumen (paginación varía) :
Other physical details ilustraciones, gráficas ;
Dimensions 26 cm.
336 ## - CONTENT TYPE
Fuente rdacontent
Content type term texto
Content type code txt
337 ## - MEDIA TYPE
Source rdamedia
Media type term sin medio
Media type code n
338 ## - CARRIER TYPE
Source rdacarrier
Carrier type term volumen
Carrier type code nc
650 #4 - SUBJECT ADDED ENTRY--TOPICAL TERM
Topical term or geographic name entry element Enfermería pediátrica
700 ## - ADDED ENTRY--PERSONAL NAME
Relationship information Traducción de (obra):
Personal name Blumer, Jeffrey L.,
Title of a work A practical guide to pediatric intensive care.
710 ## - ADDED ENTRY--CORPORATE NAME
Corporate name or jurisdiction name as entry element Diorki,
Relator term traductor
942 ## - ADDED ENTRY ELEMENTS (KOHA)
Source of classification or shelving scheme Dewey Decimal Classification
Koha item type Libro
Classification part 610.7365
Item part G943
Existencias
Withdrawn status Lost status Source of classification or shelving scheme Damaged status Not for loan Collection code Home library Current library Shelving location Date acquired Source of acquisition Serial Enumeration / chronology Total Checkouts Full call number Barcode Date last seen Date last checked out Price effective from Koha item type
    Dewey Decimal Classification     General Biblioteca Karol Wojtyla Biblioteca Karol Wojtyla Sala general 03/12/2013 Compra v.3 2 610.7365 G943 1993 76269 05/01/2026 23/03/2023 11/07/2018 Libro